LEADER 00875nam a2200217 i 4500 001 000000253719 003 CaOOAMICUS 005 20170411000000.0 008 170411s1835 it u000 u ita u 013 $a232624 040 $aSeMil$bita 245 10$aVol. 4. 300 $a158 p., [1] c. di tav. :$bill. 490 0 $aRomanzi e curiosità storiche di tutte le nazioni. Terza serie 773 0 $aLytton, Edward Bulwer Lytton <1803-1873>$tInghilterra e gli Inglesi.$bPrima traduzione italiana.$dMilano : Gaspare Truffi e Socj, 1835.$g4$w()33735 830 0$aRomanzi e curiosità storiche di tutte le nazioni. Terza serie.$0(OLS)http://semarc/title/35573 850 $aSeMil 852 $aSeMil$W1$xVenegono$y1$m3T I 84 FA$j204065$B204065$CSeMilBibl$Z2$F217490 $8I 941 1 $a10 961 $aRecupero: Mantegazza 996 $6245$aVol. 4$9(OLS)http://semarc/title/108694 LEADER 01209nas a2200229 i 4500 001 000000020369 003 CaOOAMICUS 005 20221012102836.0 008 180830d18911940gw zx lf u0 z|ger u 022 $a0934-2664 040 $aSeMil$bita 245 10$aBeiträge zur Geschichte der Philosophie des Mittelalters :$bTexte und Untersuchungen /$chrsg. von Michael Schmaus. 264 1$aMünster :$bAschendorff,$c1891-1940/41. 300 $av. ;$c23 cm. 500 $aDal 1952 diventa: Beiträge zur Geschichte der Philosophie und Theologie des Mittelalters. 700 1 $aSchmaus, Michael,$d<1897-1993>.$0(OLS)http://semarc/name/108 774 0 $aAlbertus : Magnus $tAnimalibus Libri 26..$dMünster : Aschendorff $g15-16$w()20370 785 00$tBeiträge zur Geschichte der Philosophie und Theologie des Mittelalters.$dMünster Westf. : Aschendorffsche Verlagsbuchhandlung, 1928.$x0067-5024$w()20715 996 $6022$a0934-2664$9(OLS)http://semarc/number/1141 996 $6245$aBeiträge zur Geschichte der Philosophie des Mittelalters :$bTexte und Untersuchungen$9(OLS)http://semarc/title/26836 996 $6264$aMünster :$bAschendorff$9(OLS)http://semarc/publisher/29674